书目信息 |
| 书名: | Your personal astrology planner 2011 - Gemini | |
| 作者: | Rick Levine; Jeff Jawer | |
| 分册号: | ||
| 分册名: | 出版地: | New York |
|
| 出版社: | GMC Distribution | |
| 出版时间: | 2010 | |
| 页数: | 159P | |
| 开本: | 16CM | |
| 丛书名: | ||
| 中图分类号: | ||
| 科图分类号: | ||
| 其他分类号: | B992.2 | |
| 主题词: | ||
| 电子资源: | ||
| 000 | 00413nam0 2200133 450 | |
| 001 | 202012003494 | |
| 005 | 20121205151854.0 | |
| 008 | 12120501s | |
| 020 | @a9781402774751@c$4.95 | |
| 099 | @dB992.2@eR5391 | |
| 245 | @aYour personal astrology planner 2011 - Gemini @cRick Levine; Jeff Jawer | |
| 260 | 0 | @aNew York @b GMC Distribution@c 2010 |
| 300 | @a159P@c16CM | |
| 905 | @aTSG@b14987-8@dB992.2@eR5391 | |
| Your personal astrology planner 2011 - Gemini / Rick Levine; Jeff Jawer.-New York : GMC Distribution , 2010 |
| 159P ; 16CM |
| ISBN 9781402774751$4.95 |
| ● |
| 相关链接 |
|
|
|
正题名:Your personal astrology planner 2011 - G
索取号:B992.2/R5391
 
预约/预借
| 序号 | 登录号 | 条形码 | 馆藏地/架位号 | 状态 | 备注 |
| 1 | 14987 | 300149872 | 社科库509/400A自科库 3排3列2层/ [索取号:B992.2/R5391] | 在馆 | |
| 2 | 14988 | 300149881 | 社科库509/509社科库 54排9列4层/ [索取号:B992.2/R5391] | 在馆 |